| 000 | 00454ntaaa2200169 4500 | ||
|---|---|---|---|
| 003 | 01 | ||
| 005 | 20251027201933.0 | ||
| 008 | 0714s1973 ag 01 | ||
| 040 |
_aAR-BaBN _bspa _cAR-BaBN _eaacr _dRIC |
||
| 082 | _a245.0000 Ar5 | ||
| 100 |
_aArmes, (Mrs.) Sybil Leonard _917942 |
||
| 245 | _aRadiant Trail; poems and courage and inspiration. | ||
| 250 |
_a1 ed. : _bBroadman Press, _cc1947 |
||
| 300 | _a63 p. | ||
| 650 | _aPoesÃas Religiosa | ||
| 942 | _cBK | ||
| 999 |
_c14096 _d14096 |
||